Political Parties and Democracy /

Zapisane w:
Opis bibliograficzny
1. autor: Diamond, Larry
Kolejni autorzy: ed. Gunther, Richard ed
Format: Texto
Wydane: Baltimore, Maryland: The Johns Hopkins University Press
Hasła przedmiotowe:
Etykiety: Dodaj etykietę
Nie ma etykietki, Dołącz pierwszą etykiete!

MARC

LEADER 00000 a a2200000 04500
001 28524
003
040
020 |a 0-8018-6863-7  
090 |a 188805  
100 |a Diamond, Larry  
245 |a Political Parties and Democracy /  |c Larry Diamond 
260 |a Baltimore, Maryland:   |b The Johns Hopkins University Press  
300 |a 356 p  
650 |a SISTEMAS ELECTORALES  
650 |a PARTIDOS POLITICOS  
650 |a ELECCIONES  
650 |a SISTEMAS POLITICOS  
700 |a ed.   |a Gunther, Richard   |a ed.  
999 |c 11868  |d 11868